[Event "NRW Class2 1718"]
[Site "Germany"]
[Date "2018.03.11"]
[Round "7.6"]
[White "Bruchmann, Norbert"]
[Black "Ivanov, Alexander V"]
[Result "1-0"]
[WhiteElo "1996"]
[BlackElo "1979"]
[PlyCount "73"]
[EventDate "2017.09.17"]
[EventType "team-tourn"]
[EventRounds "9"]
[EventCountry "GER"]
[SourceTitle "EXT 2019"]
[Source "ChessBase"]
[SourceDate "2018.10.10"]
[SourceVersion "1"]
[SourceVersionDate "2018.10.10"]
[SourceQuality "1"]
[WhiteTeam "Ennepe Ruhr Sued"]
[BlackTeam "Godesberg"]
[WhiteTeamCountry "GER"]
[BlackTeamCountry "GER"]

1. e4 c5 2. Nc3 Nc6 3. f4 g6 4. Nf3 Bg7 5. Bb5 Nd4 6. 0-0 Nxb5 7. Nxb5 d5 8. e5 Bg4 9. d4 Qb6 10. a4 c4 11. h3 Bxf3 12. Rxf3 h5 13. b3 Rc8 14. Ba3 a6 15. Nc3 Qe6 16. Rb1 b6 17. a5 b5 18. Bc5 cxb3 19. cxb3 Nh6 20. b4 0-0 21. Qd3 Qd7 22. Kh1 Rfe8 23. Rg1 Rc6 24. Nd1 Kh7 25. Ne3 f5 26. exf6 exf6 27. f5 g5 28. Qb3 Rd8 29. Bb6 Re8 30. Qxd5 Qxd5 31. Nxd5 Re2 32. Bc5 g4 33. Rf4 gxh3 34. gxh3 Nf7 35. Rh4 Ng5 36. Rxh5+ Bh6 37. Nxf6+ 1-0

[Event "Bad Woerishofen op 34th"]
[Site "Bad Woerishofen"]
[Date "2018.03.03"]
[Round "9"]
[White "De Francesco, Klaus"]
[Black "Bruchmann, Norbert"]
[Result "1-0"]
[WhiteElo "2325"]
[BlackElo "2075"]
[PlyCount "113"]
[EventDate "2018.02.23"]
[EventType "swiss"]
[EventRounds "9"]
[EventCountry "GER"]
[SourceTitle "EXT 2019"]
[Source "ChessBase"]
[SourceDate "2018.10.10"]
[SourceVersion "1"]
[SourceVersionDate "2018.10.10"]
[SourceQuality "1"]

1. d4 e6 2. c4 Nf6 3. Nc3 Bb4 4. e3 d5 5. Nge2 0-0 6. a3 Be7 7. Nf4 c6 8. Bd3 Re8 9. 0-0 Nbd7 10. cxd5 exd5 11. b4 Nf8 12. b5 cxb5 13. Bxb5 Bd7 14. Bd3 Bc6 15. f3 Bd6 16. g3 Rc8 17. Bd2 a6 18. Qb3 Bb8 19. Na4 Ba7 20. Rac1 Ng6 21. Nc5 Nxf4 22. gxf4 Bxc5 23. Rxc5 Qd7 24. Qb1 g6 25. Qe1 Ba4 26. Qh4 Nh5 27. Rfc1 Rc6 28. f5 Rec8 29. fxg6 fxg6 30. Qg5 Rxc5 31. dxc5 Rf8 32. f4 Bc6 33. Bc3 Qe6 34. f5 Qf7 35. Rf1 Qd7 36. fxg6 Rxf1+ 37. Bxf1 hxg6 38. Qxg6+ Ng7 39. Bh3 Qe7 40. Bd4 Kf8 41. Qxg7+ Qxg7+ 42. Bxg7+ Kxg7 43. Kf2 Kf6 44. Bg2 Ke5 45. h4 Be8 46. Ke2 a5 47. Kd3 Bh5 48. Kc3 Bd1 49. Kd2 Bh5 50. Bh3 d4 51. Bg2 dxe3+ 52. Kxe3 Bg6 53. Bxb7 Be8 54. Bf3 Bg6 55. c6 Kd6 56. Kd4 Bf7 57. h5 1-0

[Event "NRW Class2 1718"]
[Site "Germany"]
[Date "2017.11.19"]
[Round "3.7"]
[White "Pfleger, Sascha"]
[Black "Bruchmann, Norbert"]
[Result "1-0"]
[WhiteElo "1999"]
[BlackElo "1996"]
[PlyCount "79"]
[EventDate "2017.09.17"]
[EventType "team-tourn"]
[EventRounds "9"]
[EventCountry "GER"]
[SourceTitle "EXT 2019"]
[Source "ChessBase"]
[SourceDate "2018.10.10"]
[SourceVersion "1"]
[SourceVersionDate "2018.10.10"]
[SourceQuality "1"]
[WhiteTeam "Letmathe"]
[BlackTeam "Ennepe Ruhr Sued"]
[WhiteTeamCountry "GER"]
[BlackTeamCountry "GER"]

1. d4 e6 2. c4 Nf6 3. Nf3 Bb4+ 4. Nbd2 0-0 5. Qc2 d5 6. a3 Bxd2+ 7. Bxd2 Ne4 8. e3 Nd7 9. Rc1 c6 10. Bd3 f5 11. 0-0 Qf6 12. Ba5 Qh6 13. Bc7 g5 14. Ne5 g4 15. Nxd7 Bxd7 16. Bf4 Ng5 17. f3 gxf3 18. Kh1 Rf6 19. Rxf3 Kf7 20. Rg3 Rg8 21. Rf1 Rfg6 22. cxd5 cxd5 23. Qc7 Ke8 24. Qe5 Qh5 25. Qb8+ Ke7 26. Qxb7 Ne4 27. Qb4+ Kf7 28. Rxg6 Qxg6 29. Bxe4 dxe4 30. Qd2 Rc8 31. Bd6 Bb5 32. Rc1 Rxc1+ 33. Qxc1 Qg4 34. Qc7+ Kg6 35. h3 Qd1+ 36. Kh2 Be8 37. Be5 h6 38. Qe7 Ba4 39. Qxe6+ Kg5 40. Bf4+ 1-0

[Event "NRW Class2 1718"]
[Site "Germany"]
[Date "2017.10.15"]
[Round "2.6"]
[White "Finke, Tobias"]
[Black "Bruchmann, Norbert"]
[Result "0-1"]
[WhiteElo "1949"]
[BlackElo "1996"]
[PlyCount "118"]
[EventDate "2017.09.17"]
[EventType "team-tourn"]
[EventRounds "9"]
[EventCountry "GER"]
[SourceTitle "EXT 2019"]
[Source "ChessBase"]
[SourceDate "2018.10.10"]
[SourceVersion "1"]
[SourceVersionDate "2018.10.10"]
[SourceQuality "1"]
[WhiteTeam "Lippstadt Turm"]
[BlackTeam "Ennepe Ruhr Sued"]
[WhiteTeamCountry "GER"]
[BlackTeamCountry "GER"]

1. e4 e6 2. Qe2 c5 3. Nf3 Nc6 4. c3 Nf6 5. g3 d5 6. d3 Be7 7. Bg2 dxe4 8. dxe4 e5 9. 0-0 0-0 10. Rd1 Qc7 11. Na3 h6 12. Nc4 Be6 13. Ne1 Bg4 14. f3 Be6 15. Ne3 Rfd8 16. Nd3 c4 17. Nf2 b5 18. a4 Rxd1+ 19. Nfxd1 Na5 20. axb5 Nb3 21. Rb1 Qa5 22. Bf1 Qa2 23. Qc2 Rd8 24. Nf2 Bc5 25. Ng2 Na1 26. Rxa1 Qxa1 27. Be3 Bxe3 28. Nxe3 Qe1 29. Qe2 Qxe2 30. Bxe2 Rc8 31. f4 exf4 32. gxf4 g6 33. f5 gxf5 34. exf5 Bd5 35. Nfg4 Nxg4 36. Nxd5 Rc5 37. Ne7+ Kf8 38. Nc6 Ne3 39. Nxa7 Nxf5 40. b6 Nd6 41. Bf3 Ke7 42. Kf2 Kd7 43. Ke3 Ra5 44. Kd4 Ra2 45. Kc5 Rxb2 46. Bc6+ Ke7 47. Nb5 Nxb5 48. Bxb5 Kd8 49. Bxc4 f5 50. h3 f4 51. Bd5 Kc8 52. c4 Rd2 53. Kc6 Kb8 54. Be4 Rd4 55. Bd5 Rd3 56. Be4 Re3 57. Kd5 f3 58. Bxf3 Rxf3 59. c5 Kb7 0-1

[Event "NRW Class2 1718"]
[Site "Germany"]
[Date "2017.09.17"]
[Round "1.7"]
[White "Bruchmann, Norbert"]
[Black "Bouaraba, Max"]
[Result "0-1"]
[WhiteElo "1996"]
[BlackElo "2126"]
[PlyCount "112"]
[EventDate "2017.09.17"]
[EventType "team-tourn"]
[EventRounds "9"]
[EventCountry "GER"]
[SourceTitle "EXT 2019"]
[Source "ChessBase"]
[SourceDate "2018.10.10"]
[SourceVersion "1"]
[SourceVersionDate "2018.10.10"]
[SourceQuality "1"]
[WhiteTeam "Ennepe Ruhr Sued"]
[BlackTeam "Plettenberg"]
[WhiteTeamCountry "GER"]
[BlackTeamCountry "GER"]

1. e4 Nf6 2. e5 Nd5 3. d4 d6 4. Nf3 Bg4 5. Be2 e6 6. c4 Nb6 7. exd6 cxd6 8. h3 Bh5 9. 0-0 Be7 10. Nc3 0-0 11. b3 Nc6 12. Be3 d5 13. c5 Bxf3 14. Bxf3 Nc8 15. b4 Bf6 16. b5 Na5 17. Qd3 Ne7 18. Rab1 g6 19. g4 g5 20. h4 gxh4 21. g5 Bg7 22. Bg4 Nc4 23. f4 f5 24. Bh5 Qc7 25. Kh1 Ng6 26. Bxg6 hxg6 27. Bg1 Rfe8 28. Bh2 Rac8 29. Rfe1 b6 30. c6 Nd6 31. Kg2 Rcd8 32. a4 Ne4 33. Ne2 Kf7 34. Qe3 h3+ 35. Kxh3 Nxg5+ 36. Kg2 Rh8 37. Bg3 Ne4 38. Rh1 a6 39. Rxh8 Rxh8 40. Rh1 Ra8 41. Be1 axb5 42. axb5 Ra2 43. Kf3 Qa7 44. Bb4 Rb2 45. Qc1 Rxb4 46. c7 Rb3+ 47. Kg2 Qa2 48. Re1 Rg3+ 49. Kh1 Qb3 50. Rf1 Rh3+ 51. Kg2 Rh8 52. Rf3 Qxb5 53. Nc3 Qc4 54. Qa3 Nxc3 55. Rxc3 Qe2+ 56. Kg1 Bxd4+ 0-1

[Event "NRW Class1 1415"]
[Site "Germany"]
[Date "2015.01.11"]
[Round "5.5"]
[White "Bruchmann, Norbert"]
[Black "Soehnchen, Andreas"]
[Result "0-1"]
[WhiteElo "2078"]
[BlackElo "2134"]
[PlyCount "74"]
[EventDate "2014.09.14"]
[EventType "team-tourn"]
[EventRounds "9"]
[EventCountry "GER"]
[SourceTitle "EXT 2017"]
[Source "ChessBase"]
[SourceDate "2016.10.25"]
[SourceVersion "1"]
[SourceVersionDate "2016.10.25"]
[SourceQuality "1"]
[WhiteTeam "Ennepe Ruhr Sued"]
[BlackTeam "Oberhausen"]
[WhiteTeamCountry "GER"]
[BlackTeamCountry "GER"]

1. e4 c6 2. d4 d5 3. exd5 cxd5 4. Bd3 Nc6 5. c3 Qc7 6. Ne2 Bg4 7. f3 Bd7 8. 0-0 e5 9. dxe5 Nxe5 10. Bc2 Bc5+ 11. Nd4 Ne7 12. Bf4 0-0 13. Nd2 N7g6 14. Bg3 Rfe8 15. N2b3 Bd6 16. Qc1 Nc4 17. Bxd6 Qxd6 18. Bxg6 hxg6 19. Rf2 Re7 20. Nd2 Ne3 21. Nf1 Nf5 22. Qd2 Rae8 23. Nxf5 gxf5 24. Rd1 Qb6 25. Qd4 Qa6 26. a3 Ba4 27. Rc1 Bb3 28. h4 Re1 29. Rxe1 Rxe1 30. Qd2 Rb1 31. Re2 Qb6+ 32. Qd4 Qxd4+ 33. cxd4 Bc4 34. Rf2 f4 35. b3 Bd3 36. a4 a5 37. h5 Kh7 0-1

[Event "NRW Class1 1415"]
[Site "Germany"]
[Date "2014.09.14"]
[Round "1.6"]
[White "Gruermann, Martin"]
[Black "Bruchmann, Norbert"]
[Result "1-0"]
[WhiteElo "2090"]
[BlackElo "2078"]
[PlyCount "95"]
[EventDate "2014.09.14"]
[EventType "team-tourn"]
[EventRounds "9"]
[EventCountry "GER"]
[SourceTitle "EXT 2017"]
[Source "ChessBase"]
[SourceDate "2016.10.25"]
[SourceVersion "1"]
[SourceVersionDate "2016.10.25"]
[SourceQuality "1"]
[WhiteTeam "Letmathe"]
[BlackTeam "Ennepe Ruhr Sued"]
[WhiteTeamCountry "GER"]
[BlackTeamCountry "GER"]

1. Nf3 Nf6 2. c4 c5 3. g3 g6 4. Bg2 Bg7 5. d4 cxd4 6. Nxd4 Nc6 7. Nc3 0-0 8. 0-0 a6 9. b3 Ne4 10. Bxe4 Nxd4 11. Bb2 d6 12. e3 Ne6 13. Bg2 Rb8 14. Qe2 b5 15. Rfd1 Bb7 16. Rac1 Bxg2 17. Kxg2 bxc4 18. Qxc4 Qa5 19. Qe2 Qb6 20. Nd5 Qb7 21. Bxg7 Kxg7 22. Kg1 Rfc8 23. Qd3 Ng5 24. e4 e6 25. Nc3 e5 26. Qxd6 Re8 27. Qd3 Rbd8 28. Nd5 Rc8 29. Qe3 Ne6 30. Qf3 Nd4 31. Qf6+ Kh6 32. Rxc8 Qxc8 33. Ne3 Qh3 34. Re1 Rc8 35. Qxf7 a5 36. Nc4 Re8 37. Re3 Re6 38. Nxe5 Rxe5 39. Qf8+ Kh5 40. Qg7 Rc5 41. Qxh7+ Kg4 42. Qd7+ Nf5 43. Qd1+ Kg5 44. exf5 Qh8 45. fxg6 Qc8 46. Kg2 Qc6+ 47. Qf3 Qxg6 48. Qf4+ 1-0

[Event "NRW Class1 1112"]
[Site "Germany"]
[Date "2012.01.08"]
[Round "5.5"]
[White "Bruchmann, Norbert"]
[Black "Kartsev, Soel"]
[Result "1-0"]
[WhiteElo "2042"]
[BlackElo "2162"]
[PlyCount "119"]
[EventDate "2011.09.18"]
[EventType "team-tourn"]
[EventRounds "9"]
[EventCountry "GER"]
[SourceTitle "EXT 2015"]
[Source "ChessBase"]
[SourceDate "2014.11.20"]
[SourceVersion "1"]
[SourceVersionDate "2014.11.20"]
[SourceQuality "1"]
[WhiteTeam "Ennepe Ruhr Sued"]
[BlackTeam "Castrop Rauxel"]
[WhiteTeamCountry "GER"]
[BlackTeamCountry "GER"]

1. e4 d5 2. exd5 Nf6 3. Bb5+ Bd7 4. Bc4 Bg4 5. f3 Bc8 6. Nc3 Nbd7 7. d4 Nb6 8. Bb3 Nbxd5 9. Nxd5 Nxd5 10. c4 Nb6 11. Ne2 e5 12. 0-0 exd4 13. Qxd4 Be6 14. Kh1 Qxd4 15. Nxd4 Bxc4 16. Bxc4 Nxc4 17. Nb5 Kd7 18. Bf4 Nd6 19. Rfd1 a6 20. Nc3 Be7 21. Rac1 Rac8 22. Rd3 Rhe8 23. Ne4 Rcd8 24. a4 a5 25. Rdc3 Nxe4 26. Rxc7+ Ke6 27. fxe4 Rd4 28. Rxb7 Rxe4 29. Rb6+ Kf5 30. Bg3 Bf6 31. b3 h5 32. h3 h4 33. Rf1+ Kg6 34. Bc7 Re1 35. Kg1 Kh7 36. Rxe1 Rxe1+ 37. Kf2 Rc1 38. Rb7 Rc2+ 39. Kf3 Rc5 40. Bd6 Rd5 41. Bf4 g5 42. Be3 Kg6 43. Rb5 Rd3 44. Ke2 Rc3 45. Rb6 Rc2+ 46. Bd2 Kf5 47. Kd3 Rc5 48. Rb5 Rxb5 49. axb5 Bd8 50. Kd4 g4 51. Kd5 gxh3 52. gxh3 Bc7 53. Kc6 Bg3 54. Bxa5 Ke4 55. Bc7 f5 56. b6 Bf2 57. b7 Ba7 58. Bd8 f4 59. Bxh4 f3 60. Kc7 1-0

[Event "NRW-ch"]
[Site "Moenchengladbach"]
[Date "2009.10.16"]
[Round "7"]
[White "Heimsoth, Sven Holger"]
[Black "Bruchmann, Norbert"]
[Result "1/2-1/2"]
[WhiteElo "2159"]
[BlackElo "2106"]
[PlyCount "21"]
[EventDate "2009.10.10"]
[EventType "swiss"]
[EventRounds "7"]
[EventCountry "GER"]
[SourceTitle "CBM 132 Extra"]
[Source "ChessBase"]
[SourceDate "2009.11.03"]
[SourceVersion "1"]
[SourceVersionDate "2009.11.03"]
[SourceQuality "1"]

1. Nf3 b6 2. g3 Bb7 3. Bg2 e6 4. c4 c5 5. Nc3 Nf6 6. 0-0 a6 7. Re1 d6 8. e4 Nbd7 9. d4 cxd4 10. Nxd4 Qc7 11. Be3 1/2-1/2

[Event "Goch op 19th"]
[Site "Goch"]
[Date "2008.10.09"]
[Round "1"]
[White "Bruchmann, Norbert"]
[Black "Hermsen, Frederik"]
[Result "1-0"]
[WhiteElo "2107"]
[BlackElo "1756"]
[PlyCount "97"]
[EventDate "2008.10.09"]
[EventType "swiss"]
[EventRounds "7"]
[EventCountry "GER"]
[SourceTitle "EXT 2011"]
[Source "ChessBase"]
[SourceDate "2010.11.26"]
[SourceVersion "1"]
[SourceVersionDate "2010.11.26"]
[SourceQuality "1"]

1. e4 d5 2. exd5 Qxd5 3. Nc3 Qa5 4. d4 c6 5. Nf3 Bg4 6. h3 Bh5 7. g4 Bg6 8. Ne5 e6 9. h4 f6 10. Nc4 Qc7 11. h5 Bf7 12. Qf3 e5 13. dxe5 Bxc4 14. Bxc4 Qxe5+ 15. Kf1 Bd6 16. Bh6 Qe7 17. Be3 Nd7 18. Bb3 Ne5 19. Qf5 g6 20. hxg6 hxg6 21. Rxh8 gxf5 22. Rxg8+ Kd7 23. Rxa8 Nxg4 24. Rg8 Nxe3+ 25. fxe3 Qxe3 26. Rd1 Qf3+ 27. Kg1 Qe3+ 28. Kg2 Qf4 29. Rg7+ Kd8 30. Rh1 Qd2+ 31. Kf3 Qf4+ 32. Ke2 Qe5+ 33. Kd1 Be7 34. Rh8+ Kc7 35. Rhh7 Qd4+ 36. Ke1 Kb6 37. Rxe7 Qg1+ 38. Kd2 Qd4+ 39. Ke2 Qg4+ 40. Kd3 Qf3+ 41. Re3 Qf1+ 42. Kd2 Qf2+ 43. Re2 Qd4+ 44. Kc1 f4 45. Nd1 f3 46. Rf2 Qf4+ 47. Kb1 Qe4 48. Rh3 Qe1 49. c3 1-0